One Direction - Change Your Ticket - All lyrics - Statistics

General Stats
  • This quiz has been taken 21 times
  • The average score is 361 of 398
Answer Stats
Answer % Correct
a
100%
(A
100%
all
100%
And
100%
change
100%
Don't
100%
don't
100%
(Don't
100%
go
100%
go,
100%
go),
100%
I
100%
it
100%
It's
100%
it's
100%
me
100%
not
100%
on,
100%
the
100%
ticket
100%
ticket)
100%
to
100%
we
100%
We
100%
when
100%
When
100%
you
100%
You
100%
your
100%
you're
100%
alone
93%
be
93%
Come,
93%
Come
93%
come
93%
(Come
93%
couple
93%
days
93%
days)
93%
gone
93%
in
93%
let
93%
more
93%
my
93%
probably
93%
same
93%
should
93%
stay,
93%
stay
93%
that
93%
that,
93%
This
93%
this
93%
with
93%
Girl,
87%
good
87%
hard
87%
home,
87%
home
87%
keep
87%
know
87%
leave
87%
off
87%
(Oh!)
87%
oh-oh
87%
over
87%
said
87%
say,
87%
say
87%
secret
87%
So,
87%
Take
87%
take
87%
time
87%
time?
87%
were
87%
what
87%
you'd
87%
did
80%
dressed
80%
get
80%
get?
80%
got
80%
have
80%
head
80%
hotel
80%
meant
80%
messes
80%
shoulder
80%
Watchin'
80%
bag
73%
can
73%
from
73%
I'll
73%
never
73%
way
73%
Why
73%
yeah
73%
(Yeah),
73%
younger
73%
bed,
67%
goodbye
67%
just
67%
left
67%
little
67%
make
67%
play
67%
playin'
67%
still
67%
tell
67%
Aren't
60%
back
60%
past
60%
promise
60%
right?
60%
some
60%
wanna
60%
innocent,
53%
streets,
53%
these
53%
we've
53%
One
47%
us
47%
hide
40%
weekend,
40%
shades
33%
No matching quizzes found
Score Distribution
Percent of People with Each Score
Percentile by Number Answered
Your Score History
You have not taken this quiz